Complete the film title (Marvel Cinematic Universe) - Statistics

General Stats
  • This quiz has been taken 53 times
  • The average score is 19 of 22
Answer Stats
Film Title % Correct
Iron {Man}
100%
The Incredible {Hulk}
98%
Captain America: Civil {War}
96%
Avengers: Infinity {War}
94%
Doctor {Strange}
94%
Guardians of the {Galaxy}
94%
Spider-Man: Far From {Home}
94%
Captain America: The First {Avenger}
91%
Spider-Man: No Way {Home}
91%
Captain America: The Winter {Soldier}
89%
Avengers: Age of {Ultron}
87%
Black Panther: Wakanda {Forever}
87%
Captain {Marvel}
87%
Ant-Man and the {Wasp}
85%
Thor: Love and {Thunder}
85%
Avengers: {Endgame}
83%
Spider-Man: {Homecoming}
83%
Thor: The Dark {World}
81%
Shang-Chi and the Legend of the Ten {Rings}
77%
Thor: {Ragnarok}
74%
Doctor Strange in the Multiverse of {Madness}
72%
Ant-Man and the Wasp: {Quantumania}
64%
No matching quizzes found
Score Distribution
Percent of People with Each Score
Percentile by Number Answered
Your Score History
You have not taken this quiz